000 00480nam a2200181Ia 4500
008 231217s9999 xx 000 0 und d
020 _a8178811634
041 _aEnglish
082 _a657 SEE.8;1
100 _aSeethapathi, K ed. Padmavathi, C ed. Srinivas, N.
245 0 _aAccounting standards V.8 : leases
250 _a1st ed.
260 _c2003
_bICFAI Press
_aHyderabad
300 _avii, 202
500 _aContent page available
650 _aICFAI
942 _cAA
999 _c181480
_d181480